00581nam a2200193Ia 450000500170000000800410001702000200005804000190007804100120009708200180010910000240012724500650015126000400021630000320025650400410028865000200032965100280034985000100037720240316112235.0131103s9999 xx 000 0 und d a8125076cRs.175 aLoreto College aEnglish a374.954 bRED aReddy,P.Adinarayana aAdult Education Programmes in India, cP.Adinarayana Reddy aAllahabadbChugh Publicationsc1990 axiii,177 p.b illus.,tables aIncludes bibliographical references  aAdult Education aIndia - Adult Education aLCLIB